Overcoming sexual dyfunctions / (Record no. 7382)

MARC details
000 -LEADER
fixed length control field 00578nam a22001932 4500
001 - CONTROL NUMBER
control field 0000007079
005 - DATE AND TIME OF LATEST TRANSACTION
control field 20151217152021.0
008 - FIXED-LENGTH DATA ELEMENTS--GENERAL INFORMATION
fixed length control field 071112s xx 000 0 eng d
020 ## - INTERNATIONAL STANDARD BOOK NUMBER
International Standard Book Number 9966780017 :
Terms of availability KES 500
040 ## - CATALOGING SOURCE
Original cataloging agency KABU
Transcribing agency KABU
100 1# - MAIN ENTRY--PERSONAL NAME
Personal name Nguti, David W.
-- 0000148074
245 10 - TITLE STATEMENT
Title Overcoming sexual dyfunctions /
Statement of responsibility, etc. David W. Nguti.
260 ## - PUBLICATION, DISTRIBUTION, ETC. (IMPRINT)
Place of publication, distribution, etc. Egerton University, Kenya :
Name of publisher, distributor, etc. Pangolin Publishers,
Date of publication, distribution, etc. 2007.
300 ## - PHYSICAL DESCRIPTION
Extent xi, 219 p.
650 #0 - SUBJECT ADDED ENTRY--TOPICAL TERM
Topical term or geographic name as entry element Sexual disorders.
-- 0000158126
908 ## - PUT COMMAND PARAMETER (RLIN)
Put command parameter 071112
950 ## - LOCAL HOLDINGS (RLIN)
-- 1
Holdings
Withdrawn status Lost status Source of classification or shelving scheme Not for loan Home library Current library Date acquired Total Checkouts Full call number Barcode Date last seen Price effective from Koha item type
    Library of Congress Classification   Kabarak, Main Campus Kabarak, Main Campus 17/12/2015   RC560 .C6N48 011011 17/12/2015 17/12/2015 General Collection
Designed with assistance from East African Informatics Ltd